Gramática fantástica /
Poeta y narrador mexicano (Mérida, 1928), Raúl Renán cursó estudios universitarios en letras españolas y arte dramático. Ha sido coordinador de talleres literarios y de inducción editorial para jóvenes. Fundó y dirigió la editorial La Máquina Eléctrica y la colección Fósforos; ha sido coordinador de...
Na minha lista:
| Autor principal: | |
|---|---|
| Formato: | Livro |
| Idioma: | espanhol |
| Publicado em: |
México :
UNAM,
1996, c1996
|
| Colecção: | (Confabuladores)
|
| Assuntos: | |
| Tags: |
Sem tags, seja o primeiro a adicionar uma tag!
|
MARC
| LEADER | 00000nam^a2200000^a^4500 | ||
|---|---|---|---|
| 001 | 000136259 | ||
| 005 | 20250521000000.0 | ||
| 009 | 20260310095311.957 | ||
| 020 | |a 968-36-4664-6 | ||
| 037 | |a Acervo ITESO - Biblioteca | ||
| 041 | |a ESP | ||
| 082 | |a 861. |b REN | ||
| 100 | |a Renán, Raúl |e (autor) | ||
| 245 | 1 | 0 | |a Gramática fantástica / |c R. Renán. |
| 264 | 4 | |a México : |b UNAM, |c 1996, c1996 | |
| 300 | |a 163 p. | ||
| 336 | |a texto |b txt |2 rdacontenido | ||
| 337 | |a sin mediación |b n |2 rdamedio | ||
| 338 | |a volumen |b nc |2 rdasoporte | ||
| 440 | 1 | |a (Confabuladores) | |
| 520 | |a Poeta y narrador mexicano (Mérida, 1928), Raúl Renán cursó estudios universitarios en letras españolas y arte dramático. Ha sido coordinador de talleres literarios y de inducción editorial para jóvenes. Fundó y dirigió la editorial La Máquina Eléctrica y la colección Fósforos; ha sido coordinador del consejo técnico editorial del Instituto Nacional de Bellas Artes y subdirector del Periódico de Poesía. Es autor de los libros de cuentos: Una mujer fatal y otra (1983), Los niños de San Sebastián (1986); de ensayo: Los otros libros: distintas opciones en el trabajo editorial (1988); de poesía: Lámparas oscuras (1976), Catulinarias y sáficas (1981), De las queridas cosas (1982), Gramática fantástica (1983), Pan de tribulaciones (1984), Los urbanos (1988), Comparsa (1990), Viajero en sí mismoo (1992) y Henos aquí (1993). | ||
| 649 | |a XX | ||
| 650 | |a Poesía Mexicana | ||
| 650 | |a Literatura Mexicana - |y Siglo XX | ||
| 650 | |a Prosa Poética Mexicana | ||
| 910 | |a Fondo General | ||
| 920 | |a Impresos - Libros | ||
| 930 | |a Colección General | ||
| 940 | |a Literatura | ||
| 905 | |a 101 | ||
| 901 | |a 0500065021 |b IT1 |c LIT |u 20250521 | ||
| 902 | |a https://opac.biblio.iteso.mx/vufind/Record/000136259 | ||